000 00452nam a2200157Ia 4500
008 230312s9999||||xx |||||||||||||| ||und||
020 _a81-203-3640-7
082 _a621.381542
_bGON-D
100 _aGonzalez,Rafael.C
245 0 _aDigital Image Processing
260 _bPrentice Hall
_aIndia
_c2008
300 _a954
546 _aEng.
650 _aEngineering
_vDigital Image Fundamentals,IntensityTransformations and Spatial Filltering
942 _cBK
999 _c1694
_d1694